00283nam a2200133Ia 45000030006000000080041000060400015000471000013000622450028000752600009001033000006001125460014001180050017001320STCL150530s9999 xx 000 0 und d aSTCLcSTCL aJohn K J aSexum Vivahajeevithavum c1982 a0 aMalayalam20220125170516.0